[Event "Pan American-ch U20"]
[Site "Asuncion"]
[Date "2025.06.18"]
[Round "8"]
[White "Cherukuri, Nitesh"]
[Black "Chasin, Nico Werner"]
[Result "0-1"]
[WhiteElo "2171"]
[BlackElo "2452"]
[PlyCount "55"]
[EventDate "2025.06.14"]
[EventType "swiss"]
[EventRounds "9"]
[EventCountry "PAR"]
[SourceTitle "CB26_2025"]
[SourceDate "2025.06.25"]
[SourceVersion "1"]
[SourceVersionDate "2025.06.25"]
[SourceQuality "1"]

1. Nf3 Nf6 2. g3 b5 3. Na3 a6 4. c4 e6 5. b3 Bb7 6. Bg2 b4 7. Nc2 Be7 8. 0-0 0-0 9. Bb2 a5 10. Ne3 c5 11. d4 cxd4 12. Qxd4 a4 13. Rad1 Nc6 14. Qd3 Qa5 15. h4 h6 16. g4 Rfd8 17. Nd2 Ne8 18. h5 Bf6 19. Bxf6 Nxf6 20. f4 Qb6 21. Ne4 Nxe4 22. Bxe4 d5 23. cxd5 exd5 24. Bh7+ Kh8 25. Kh2 Ba6 26. Nxd5 Qc5 27. Qf5 Nd4 28. Rc1 0-1

[Event "Chicago op 34th"]
[Site "Chicago"]
[Date "2025.05.24"]
[Round "5"]
[White "Chasin, Nico Werner"]
[Black "Hilby, Craig"]
[Result "1-0"]
[WhiteElo "2446"]
[BlackElo "2412"]
[PlyCount "75"]
[EventDate "2025.05.22"]
[EventType "swiss"]
[EventRounds "9"]
[EventCountry "USA"]
[SourceTitle "CB23_2025"]
[SourceDate "2025.06.04"]
[SourceVersion "1"]
[SourceVersionDate "2025.06.04"]
[SourceQuality "1"]

1. Nf3 Nf6 2. d4 d5 3. c4 e6 4. g3 dxc4 5. Bg2 c6 6. a4 Bb4+ 7. Bd2 a5 8. Qc2 Bxd2+ 9. Nbxd2 b5 10. b3 cxb3 11. Nxb3 0-0 12. 0-0 b4 13. e4 Ba6 14. Rfe1 Nbd7 15. Qxc6 Nb6 16. Qc5 Nc4 17. Ne5 Nd7 18. Nxd7 Qxd7 19. Qh5 Na3 20. Rac1 Qxa4 21. Nc5 Qe8 22. e5 Ra7 23. d5 Bc4 24. Ne4 Qd8 25. d6 b3 26. Nd2 Bd3 27. Nxb3 Nc2 28. Red1 Bg6 29. Qe2 Nb4 30. Nc5 Qb6 31. d7 Rd8 32. Rd6 Qb8 33. Qd2 Kf8 34. Nb7 Rxb7 35. Bxb7 Qxb7 36. Rc8 Ke7 37. Rxd8 Kxd8 38. Qg5+ 1-0

[Event "San Vicente op 9th"]
[Site "San Vicente"]
[Date "2025.04.17"]
[Round "2"]
[White "Calvo Simon, Jorge"]
[Black "Chasin, Nico Werner"]
[Result "0-1"]
[WhiteElo "2228"]
[BlackElo "2435"]
[PlyCount "96"]
[EventDate "2025.04.16"]
[EventType "swiss"]
[EventRounds "9"]
[EventCountry "ESP"]
[SourceTitle "CB17_2025"]
[SourceDate "2025.04.23"]
[SourceVersion "1"]
[SourceVersionDate "2025.04.23"]
[SourceQuality "1"]

1. c4 e5 2. g3 f5 3. Bg2 Nf6 4. Nc3 Bb4 5. Qb3 a5 6. a3 Bc5 7. e3 Nc6 8. Nge2 e4 9. d4 exd3 10. Nf4 Ne5 11. Na4 Ba7 12. Nxd3 Qe7 13. Nxe5 Qxe5 14. Bd2 Ne4 15. Bc3 Nxc3 16. Nxc3 c6 17. Na4 b6 18. 0-0 Rb8 19. Qc3 Qxc3 20. Nxc3 Ba6 21. b3 Ke7 22. a4 Rbc8 23. Rfd1 Bb8 24. Rd3 d5 25. Rad1 Be5 26. Ne2 Rhd8 27. Nd4 Bxd4 28. exd4 dxc4 29. Re3+ Kf6 30. d5 cxd5 31. Bxd5 Rd6 32. bxc4 Rxc4 33. Ree1 Rxa4 34. Bb3 Rxd1 35. Rxd1 Rb4 36. Bg8 a4 37. Rd7 Be2 38. f4 b5 39. Rd6+ Ke7 40. Re6+ Kf8 41. Bxh7 Bc4 42. Re5 a3 43. Bg6 Rb1+ 44. Kf2 Rb2+ 45. Kf3 Re2 46. Rxf5+ Ke7 47. Rc5 a2 48. Rc7+ Kf6 0-1

[Event "Wch U20 62nd"]
[Site "Petrovac"]
[Date "2025.02.25"]
[Round "1"]
[White "Mohamed, Saeed Laily"]
[Black "Chasin, Nico Werner"]
[Result "0-1"]
[WhiteElo "2044"]
[BlackElo "2415"]
[PlyCount "80"]
[EventDate "2025.02.25"]
[EventType "swiss"]
[EventRounds "11"]
[EventCountry "MNE"]
[SourceTitle "CB11_2025"]
[SourceDate "2025.03.12"]
[SourceVersion "1"]
[SourceVersionDate "2025.03.12"]
[SourceQuality "1"]

1. d4 Nf6 2. Bg5 Ne4 3. Bf4 c5 4. f3 Nf6 5. d5 Qb6 6. Nc3 d6 7. e4 g6 8. Bb5+ Nbd7 9. a4 a6 10. a5 Qc7 11. Ba4 Bg7 12. Nge2 0-0 13. Bxd7 Nxd7 14. 0-0 b5 15. axb6 Qxb6 16. Qd2 a5 17. Ra2 Ne5 18. b3 f5 19. Bxe5 Bxe5 20. Qe3 Ba6 21. Rd1 fxe4 22. Nxe4 Rfb8 23. Nd2 Bxe2 24. Qxe2 c4+ 25. Kh1 cxb3 26. cxb3 Qb5 27. Qe4 Rc8 28. f4 Bf6 29. f5 Kg7 30. Ra4 Rc5 31. Nf3 Qxb3 32. Rad4 Bxd4 33. Qxe7+ Kh8 34. Rxd4 Qb1+ 35. Ng1 Qxf5 36. Qxd6 Qf8 37. Qd7 Rc1 38. Rh4 Rxg1+ 39. Kxg1 Qc5+ 40. Kf1 Rf8+ 0-1

[Event "New York Blitz Fuel GM-A"]
[Site "New York"]
[Date "2025.01.19"]
[Round "6"]
[White "Chasin, Nico Werner"]
[Black "Shlyakhtenko, Robert"]
[Result "0-1"]
[WhiteElo "2413"]
[BlackElo "2429"]
[PlyCount "148"]
[EventDate "2025.01.16"]
[EventType "tourn"]
[EventRounds "9"]
[EventCountry "USA"]
[EventCategory "8"]
[SourceTitle "CB05_2025"]
[SourceDate "2025.01.29"]
[SourceVersion "1"]
[SourceVersionDate "2025.01.29"]
[SourceQuality "1"]

1. Nf3 d5 2. c4 e6 3. d4 Nf6 4. g3 c5 5. Bg2 Nc6 6. 0-0 Be7 7. dxc5 Bxc5 8. a3 Ne4 9. b4 Be7 10. Bb2 Bf6 11. Bxf6 Qxf6 12. Ra2 0-0 13. Qd3 Rd8 14. Rc2 Nd6 15. c5 Nc4 16. b5 N6a5 17. Nc3 Qe7 18. Rd1 Bd7 19. a4 Be8 20. Nd4 Ne5 21. Qe3 Nac4 22. Qf4 Qxc5 23. e4 dxe4 24. Nxe4 Qb6 25. a5 Qxa5 26. Nc5 Qb6 27. Nxb7 Bxb5 28. Nxd8 Rxd8 29. Rcc1 Ba4 30. Rb1 Nd3 31. Qh4 Ndb2 32. Rd2 f6 33. Rbxb2 Nxb2 34. Be4 h6 35. Qg4 f5 36. Bxf5 exf5 37. Nxf5 g5 38. Nxh6+ Kh7 39. Nf5 Rxd2 40. Qh5+ Kg8 41. Qxg5+ Kf7 42. Qe7+ Kg6 43. Nh4+ Kh6 44. Qf8+ Kh5 45. Qh8+ Kg5 46. Qg7+ Kh5 47. Qf7+ Kg5 48. Qf4+ Kh5 49. Qxd2 Nd1 50. Qd5+ Kh6 51. Nf5+ Kg6 52. Nd4 Kf6 53. Qf5+ Ke7 54. Qe4+ Kd7 55. Qd5+ Kc7 56. Qc4+ Bc6 57. h4 Nb2 58. Qf7+ Bd7 59. Qf4+ Kc8 60. h5 Nd3 61. Qe3 Qb1+ 62. Kg2 Qd1 63. h6 Ne1+ 64. Kh2 Qh5+ 65. Kg1 Qd1 66. Qc3+ Kb7 67. Qb4+ Kc7 68. Qc5+ Kd8 69. Qf8+ Kc7 70. Qc5+ Kd8 71. Qa5+ Ke7 72. Qe5+ Kd8 73. h7 Nf3+ 74. Kg2 Bh3+ 0-1

[Event "New York Blitz Fuel GM-A"]
[Site "New York"]
[Date "2025.01.18"]
[Round "4"]
[White "Schnaider, Ilan"]
[Black "Chasin, Nico Werner"]
[Result "0-1"]
[WhiteElo "2392"]
[BlackElo "2413"]
[PlyCount "112"]
[EventDate "2025.01.16"]
[EventType "tourn"]
[EventRounds "9"]
[EventCountry "USA"]
[EventCategory "8"]
[SourceTitle "CB05_2025"]
[SourceDate "2025.01.29"]
[SourceVersion "1"]
[SourceVersionDate "2025.01.29"]
[SourceQuality "1"]

1. e4 c5 2. Nf3 Nc6 3. d4 cxd4 4. Nxd4 Nf6 5. Nc3 e5 6. Ndb5 d6 7. Bg5 a6 8. Na3 b5 9. Nab1 Be7 10. Bxf6 Bxf6 11. a4 Nd4 12. Bd3 b4 13. Nd5 Be6 14. 0-0 0-0 15. c3 bxc3 16. Nbxc3 a5 17. Nb5 Bxd5 18. exd5 Qb6 19. Qg4 g6 20. Nxd4 exd4 21. Bb5 Rac8 22. b3 Rc3 23. Bc4 Re8 24. Rad1 Kg7 25. h3 h5 26. Qf4 g5 27. Qd2 Re4 28. Rfe1 Rf4 29. h4 Rxh4 30. g3 Rg4 31. Be2 Rcxg3+ 32. fxg3 d3+ 33. Kg2 dxe2 34. Qxe2 Qxb3 35. Qf3 Qxf3+ 36. Kxf3 Rxa4 37. Rd3 g4+ 38. Kf2 h4 39. Re2 h3 40. Kg1 Kg6 41. Kh2 Kg5 42. Rdd2 Rb4 43. Re8 a4 44. Rg8+ Kh5 45. Ra8 Be5 46. Rd3 Rb3 47. Rxb3 axb3 48. Rb8 b2 49. Rb4 Kg5 50. Kh1 Kf5 51. Kh2 f6 52. Rb3 Ke4 53. Rb5 Kd3 54. Rb6 Kc2 55. Rc6+ Bc3 56. Rc7 f5 0-1

[Event "New York Blitz Fuel GM-A"]
[Site "New York"]
[Date "2025.01.17"]
[Round "3"]
[White "Chasin, Nico Werner"]
[Black "Kevlishvili, Robby"]
[Result "1/2-1/2"]
[WhiteElo "2413"]
[BlackElo "2560"]
[PlyCount "32"]
[EventDate "2025.01.16"]
[EventType "tourn"]
[EventRounds "9"]
[EventCountry "USA"]
[EventCategory "8"]
[SourceTitle "CB05_2025"]
[SourceDate "2025.01.29"]
[SourceVersion "1"]
[SourceVersionDate "2025.01.29"]
[SourceQuality "1"]

1. d4 d5 2. Nf3 Nf6 3. Bf4 c5 4. e3 Nc6 5. Nbd2 cxd4 6. exd4 Bf5 7. c3 e6 8. Nb3 Bd6 9. Bxd6 Qxd6 10. Bd3 Bxd3 11. Qxd3 0-0 12. 0-0 h6 13. h3 Rfe8 14. Rfe1 Nd7 15. a4 a5 16. Re2 Rab8 1/2-1/2

[Event "New York Blitz Fuel GM-A"]
[Site "New York"]
[Date "2025.01.17"]
[Round "2"]
[White "Cordova, Emilio"]
[Black "Chasin, Nico Werner"]
[Result "0-1"]
[WhiteElo "2533"]
[BlackElo "2413"]
[PlyCount "180"]
[EventDate "2025.01.16"]
[EventType "tourn"]
[EventRounds "9"]
[EventCountry "USA"]
[EventCategory "8"]
[SourceTitle "CB05_2025"]
[SourceDate "2025.01.29"]
[SourceVersion "1"]
[SourceVersionDate "2025.01.29"]
[SourceQuality "1"]

1. d4 d5 2. Nf3 Nf6 3. c3 Bf5 4. Qb3 Qc8 5. Bf4 e6 6. e3 Bd6 7. Bxd6 cxd6 8. a4 Nc6 9. Nbd2 Qc7 10. Be2 h6 11. 0-0 0-0 12. Rfc1 Rfc8 13. Qa3 Na5 14. b3 Qd8 15. c4 dxc4 16. Nxc4 d5 17. Nxa5 Qxa5 18. b4 Qd8 19. a5 Bg4 20. b5 Ne4 21. h3 Bh5 22. a6 b6 23. Rxc8 Rxc8 24. Rc1 Rxc1+ 25. Qxc1 f6 26. Bf1 Nd6 27. Ne1 Qd7 28. Nd3 Be8 29. Nb4 Nxb5 30. Bxb5 Qxb5 31. Qc8 Kf8 32. Qc3 Qc4 33. Qa3 Kf7 34. Kh2 Bb5 35. f4 g5 36. Qb2 gxf4 37. exf4 f5 38. Kg3 Kf6 39. Kh2 Bxa6 40. Qa3 Qxd4 41. Nxa6 Qxf4+ 42. Kh1 Kg6 43. Nb4 a5 44. Nd3 Qe3 45. Qc3 f4 46. Qc2 Kf6 47. Qb2+ Kf5 48. Qb1 e5 49. Nf2+ e4 50. Qb5 Qd2 51. Qd7+ Ke5 52. Qc7+ Kd4 53. Qxb6+ Kc4 54. Qc6+ Kb4 55. Qb6+ Ka3 56. Qc5+ Ka2 57. Qb5 f3 58. Qa4+ Kb2 59. Nd1+ Kb1 60. gxf3 exf3 61. Qb3+ Kc1 62. Ne3 a4 63. Qa3+ Kb1 64. Qe7 d4 65. Qe4+ Ka1 66. Nc2+ Kb2 67. Ne1 f2 68. Nd3+ Kc3 69. Nxf2 Qxf2 70. Qc6+ Kd2 71. Qxa4 d3 72. h4 Ke2 73. Qc4 Qf3+ 74. Kh2 Kf2 75. Qc5+ Qe3 76. Qf5+ Ke1 77. Kg2 Qe2+ 78. Kg3 Qe3+ 79. Kg2 h5 80. Qf1+ Kd2 81. Qf6 Qe2+ 82. Kh3 Qg4+ 83. Kh2 Ke3 84. Qb6+ Qd4 85. Qe6+ Kf3 86. Qh3+ Ke2 87. Qe6+ Qe3 88. Qa2+ d2 89. Qa6+ Kf2 90. Qf6+ Ke1 0-1

[Event "Wch Blitz"]
[Site "New York"]
[Date "2024.12.30"]
[Round "10"]
[White "Chasin, Nico Werner"]
[Black "Donchenko, Alexander"]
[Result "0-1"]
[WhiteElo "2417"]
[BlackElo "2618"]
[PlyCount "74"]
[EventDate "2024.12.30"]
[EventType "swiss (blitz)"]
[EventRounds "13"]
[EventCountry "USA"]
[SourceTitle "CB01_2025"]
[SourceDate "2025.01.01"]
[SourceVersion "1"]
[SourceVersionDate "2025.01.01"]
[SourceQuality "1"]

1. d4 Nf6 2. c4 g6 3. Nc3 Bg7 4. e4 d6 5. Be2 0-0 6. Be3 Nc6 7. d5 Ne5 8. f4 Neg4 9. Bd2 Nh6 10. h3 c6 11. g4 cxd5 12. cxd5 b5 13. a3 Qb6 14. g5 Nxe4 15. Nxe4 Nf5 16. Nf3 Bb7 17. Qb3 a6 18. 0-0-0 e6 19. Qd3 Bxd5 20. Kb1 Bc4 21. Bb4 Bxd3+ 22. Rxd3 Rfd8 23. Bc3 Qc6 24. Nf6+ Kh8 25. Rc1 Rac8 26. Nd5 Qb7 27. Nf6 Ng3 28. Bd1 Ne4 29. Nxe4 Qxe4 30. Bc2 Bxc3 31. Rxc3 Qxf4 32. Rb3 Rc4 33. Ne1 Rdc8 34. Rf3 Qxg5 35. Rxf7 b4 36. axb4 Rxb4 37. Rd7 Qb5 0-1

[Event "Wch Rapid"]
[Site "New York"]
[Date "2024.12.28"]
[Round "11"]
[White "Chasin, Nico Werner"]
[Black "Lomasov, Semen"]
[Result "1-0"]
[WhiteElo "2300"]
[BlackElo "2560"]
[PlyCount "73"]
[EventDate "2024.12.26"]
[EventType "swiss (rapid)"]
[EventRounds "13"]
[EventCountry "USA"]
[SourceTitle "CB01_2025"]
[SourceDate "2025.01.01"]
[SourceVersion "1"]
[SourceVersionDate "2025.01.01"]
[SourceQuality "1"]

1. Nf3 Nf6 2. g3 c5 3. Bg2 Nc6 4. 0-0 e5 5. c4 d5 6. cxd5 Nxd5 7. Nc3 Nc7 8. d3 Be7 9. a3 0-0 10. Rb1 Rb8 11. Be3 Be6 12. Qc1 Qd7 13. b4 cxb4 14. axb4 b5 15. Ng5 Bxg5 16. Bxg5 Bh3 17. Bxh3 Qxh3 18. Ne4 Qd7 19. Nc5 Qd6 20. Ne4 Qg6 21. Nf6+ gxf6 22. Qxc6 Ne6 23. Be3 Rfc8 24. Qa6 Rc2 25. Qxa7 Rbc8 26. Rfe1 f5 27. Kh1 Qh5 28. Qb7 R8c7 29. Qxb5 Rxe2 30. Rxe2 Qxe2 31. Qxe5 Qxd3 32. Ra1 Rc8 33. b5 Rd8 34. b6 h5 35. h4 Qc2 36. Kh2 Kh7 37. Qf6 1-0

[Event "Wch Rapid"]
[Site "New York"]
[Date "2024.12.28"]
[Round "13"]
[White "Chasin, Nico Werner"]
[Black "Paravyan, David"]
[Result "1/2-1/2"]
[WhiteElo "2300"]
[BlackElo "2562"]
[PlyCount "90"]
[EventDate "2024.12.26"]
[EventType "swiss (rapid)"]
[EventRounds "13"]
[EventCountry "USA"]
[SourceTitle "CB01_2025"]
[SourceDate "2025.01.01"]
[SourceVersion "1"]
[SourceVersionDate "2025.01.01"]
[SourceQuality "1"]

1. d4 d5 2. c4 dxc4 3. Nf3 Nf6 4. e3 Bg4 5. Bxc4 e6 6. 0-0 Be7 7. Nc3 0-0 8. h3 Bh5 9. b3 c5 10. dxc5 Bxc5 11. Bb2 Nc6 12. Qxd8 Rfxd8 13. Rad1 a6 14. Rxd8+ Rxd8 15. Rd1 Rxd1+ 16. Nxd1 Ne4 17. Nc3 Ba3 18. Ba1 Nxc3 19. Bxc3 Nb4 20. Bxb4 Bxb4 21. Ne5 Bd1 22. Kf1 Bd6 23. Ke1 Bxb3 24. Bxb3 Bxe5 25. Bd1 Bc3+ 26. Ke2 Kf8 27. Kd3 Be1 28. f4 Ke7 29. Bf3 b5 30. Bb7 a5 31. Bc6 b4 32. g4 h6 33. Ke2 Bc3 34. h4 g6 35. h5 g5 36. Kf3 Kd6 37. Be8 f5 38. Ba4 Bd2 39. fxg5 hxg5 40. h6 fxg4+ 41. Kxg4 Bxe3 42. h7 Bd4 43. Kxg5 Bh8 44. Kf4 Kc5 45. Ke4 e5 1/2-1/2

[Event "Wch Rapid"]
[Site "New York"]
[Date "2024.12.27"]
[Round "6"]
[White "Chasin, Nico Werner"]
[Black "Chirila, Ioan Cristian"]
[Result "1-0"]
[WhiteElo "2300"]
[BlackElo "2500"]
[PlyCount "161"]
[EventDate "2024.12.26"]
[EventType "swiss (rapid)"]
[EventRounds "13"]
[EventCountry "USA"]
[SourceTitle "CB01_2025"]
[SourceDate "2025.01.01"]
[SourceVersion "1"]
[SourceVersionDate "2025.01.01"]
[SourceQuality "1"]

1. d4 Nf6 2. c4 g6 3. Nc3 d5 4. Qb3 dxc4 5. Qxc4 Bg7 6. Nf3 0-0 7. Bf4 Be6 8. Qxc7 Qxc7 9. Bxc7 Nc6 10. e3 Rac8 11. Bg3 Nb4 12. Kd2 Bf5 13. a3 Nc6 14. Bd3 Na5 15. Bxf5 Nb3+ 16. Kd3 gxf5 17. Rad1 Rfd8 18. Nd2 Nxd2 19. Rxd2 Nh5 20. Bh4 Rd7 21. Ke2 Rc6 22. Rhd1 f4 23. e4 Rc4 24. Kf3 Rdxd4 25. Rxd4 Bxd4 26. Bxe7 Kg7 27. Rd3 b6 28. Bb4 a5 29. Bd6 Kg6 30. Nd5 Bxb2 31. Nxb6 Rc6 32. Nd7 f5 33. Nf8+ Kf7 34. Nxh7 fxe4+ 35. Kxe4 Kg6 36. Nf8+ Kf7 37. Nd7 Rc2 38. Kf3 Ke6 39. Nc5+ Kf5 40. Rd5+ Kg6 41. Ne4 Ng7 42. Rd2 Rxd2 43. Nxd2 Nf5 44. Nc4 Nxd6 45. Nxb2 Kf5 46. a4 Ne4 47. Nc4 Nc3 48. Nxa5 Nxa4 49. Nb3 Ke5 50. Kg4 Nc3 51. Nd2 Nd1 52. Kf3 Nb2 53. h4 Kf5 54. Nb3 Nd3 55. Nd4+ Ke5 56. Nc6+ Kf5 57. Ne7+ Ke6 58. Ng6 Kf5 59. Ne7+ Ke6 60. Nc6 Kd5 61. h5 Ke6 62. Ke4 Nxf2+ 63. Kxf4 Kf6 64. Ne5 Kg7 65. Kf5 Nh1 66. g4 Ng3+ 67. Kf4 Ne2+ 68. Kf3 Ng1+ 69. Kf4 Ne2+ 70. Kg5 Nd4 71. h6+ Kh7 72. Kh5 Ne2 73. g5 Ng3+ 74. Kg4 Ne4 75. Kf5 Ng3+ 76. Kf4 Ne2+ 77. Kg4 Nd4 78. Kh5 Ne6 79. g6+ Kg8 80. Kg4 Nf8 81. Kf5 1-0

[Event "Wch Rapid"]
[Site "New York"]
[Date "2024.12.27"]
[Round "7"]
[White "Chasin, Nico Werner"]
[Black "Hong, Andrew Z"]
[Result "0-1"]
[WhiteElo "2300"]
[BlackElo "2560"]
[PlyCount "44"]
[EventDate "2024.12.26"]
[EventType "swiss (rapid)"]
[EventRounds "13"]
[EventCountry "USA"]
[SourceTitle "CB01_2025"]
[SourceDate "2025.01.01"]
[SourceVersion "1"]
[SourceVersionDate "2025.01.01"]
[SourceQuality "1"]

1. a3 Nf6 2. Nf3 d5 3. d4 Bf5 4. Bf4 e6 5. e3 c5 6. dxc5 Bxc5 7. c4 Nc6 8. Nc3 0-0 9. cxd5 Nxd5 10. Nxd5 exd5 11. Bd3 Bxd3 12. Qxd3 d4 13. Ng5 g6 14. Ne4 Qa5+ 15. Ke2 Bb6 16. Rhd1 Rad8 17. b4 Qf5 18. Nd6 Qe6 19. b5 dxe3 20. fxe3 Nd4+ 21. Ke1 Nf5 22. Qd5 Rxd6 0-1

[Event "Wch Rapid"]
[Site "New York"]
[Date "2024.12.26"]
[Round "2"]
[White "Chasin, Nico Werner"]
[Black "Sargsyan, Shant"]
[Result "0-1"]
[WhiteElo "2300"]
[BlackElo "2601"]
[PlyCount "152"]
[EventDate "2024.12.26"]
[EventType "swiss (rapid)"]
[EventRounds "13"]
[EventCountry "USA"]
[SourceTitle "CB01_2025"]
[SourceDate "2025.01.01"]
[SourceVersion "1"]
[SourceVersionDate "2025.01.01"]
[SourceQuality "1"]

1. d4 d5 2. c4 e6 3. Nc3 Nf6 4. Nf3 Bb4 5. Qa4+ Nc6 6. e3 0-0 7. Bd2 Re8 8. Qc2 a6 9. a3 Bd6 10. Be2 h6 11. 0-0 dxc4 12. Bxc4 e5 13. d5 Ne7 14. e4 Bg4 15. Qd3 Ng6 16. h3 Bd7 17. Kh2 Nh5 18. g3 Qc8 19. Ng1 f5 20. exf5 Bxf5 21. Ne4 Rf8 22. Qe2 Nf6 23. f3 Ne7 24. Rac1 Qe8 25. Nxd6 cxd6 26. g4 Bg6 27. f4 exf4 28. Bxf4 Ne4 29. Bd3 Nxd5 30. Bc4 Bf7 31. Rce1 Nxf4 32. Qxe4 Qxe4 33. Bxf7+ Rxf7 34. Rxe4 g5 35. Nf3 Nd3 36. Rd4 Ne5 37. Kg2 Raf8 38. Nd2 Rxf1 39. Nxf1 Rd8 40. Ne3 Nc6 41. Rd2 Ne7 42. Rc2 Rd7 43. Rf2 Kg7 44. Nc4 Ng6 45. Nb6 Rf7 46. Rd2 Nf4+ 47. Kg3 d5 48. Rd1 d4 49. Nc4 Re7 50. Kf3 b5 51. Nd6 Re3+ 52. Kf2 Re2+ 53. Kf1 Rxb2 54. Nf5+ Kf6 55. Rxd4 Ke5 56. Rd6 a5 57. Rxh6 Rb3 58. Rb6 Nd5 59. Rb8 Nc3 60. Ne3 Rxa3 61. Re8+ Kd6 62. h4 gxh4 63. g5 h3 64. Kg1 Ne2+ 65. Kh2 Nf4 66. Re4 Ra2+ 67. Kh1 Ra1+ 68. Kh2 Ra2+ 69. Kh1 Ng6 70. Re8 a4 71. Rb8 Kc6 72. Rc8+ Kb7 73. Rc5 Rb2 74. Rc3 b4 75. Rc5 a3 76. Nc4 a2 0-1

[Event "Wch Rapid"]
[Site "New York"]
[Date "2024.12.26"]
[Round "3"]
[White "Harsha, Bharathakoti"]
[Black "Chasin, Nico Werner"]
[Result "0-1"]
[WhiteElo "2516"]
[BlackElo "2300"]
[PlyCount "84"]
[EventDate "2024.12.26"]
[EventType "swiss (rapid)"]
[EventRounds "13"]
[EventCountry "USA"]
[SourceTitle "CB01_2025"]
[SourceDate "2025.01.01"]
[SourceVersion "1"]
[SourceVersionDate "2025.01.01"]
[SourceQuality "1"]

1. d4 Nf6 2. c4 e6 3. Nc3 d5 4. cxd5 exd5 5. Bg5 c6 6. e3 Nbd7 7. Bd3 Be7 8. Nge2 Nh5 9. Bxe7 Qxe7 10. 0-0 0-0 11. Qd2 Re8 12. Rae1 Nb6 13. Nc1 Be6 14. Nb3 Nd7 15. f3 a5 16. a3 a4 17. Nc1 g6 18. Bc2 Nb6 19. Nd3 Nc4 20. Qf2 b5 21. Nc5 Nf6 22. Bd3 Nb6 23. e4 dxe4 24. fxe4 Nfd7 25. Nxd7 Bxd7 26. e5 Nd5 27. Ne4 Bf5 28. Rc1 Rac8 29. Rc5 Red8 30. Rfc1 Bxe4 31. Bxe4 Qe6 32. h3 Ne7 33. R1c3 Rd7 34. Bf3 h5 35. Be4 Rcd8 36. Bxc6 Rxd4 37. Bxb5 Rd1+ 38. Kh2 Nd5 39. Rc2 Qxe5+ 40. g3 h4 41. Rc1 hxg3+ 42. Qxg3 Rd2+ 0-1

[Event "Saint Louis Masters op"]
[Site "Saint Louis"]
[Date "2024.12.06"]
[Round "7"]
[White "Chasin, Nico Werner"]
[Black "Chirila, Ioan Cristian"]
[Result "1-0"]
[WhiteElo "2417"]
[BlackElo "2530"]
[PlyCount "61"]
[EventDate "2024.12.03"]
[EventType "swiss"]
[EventRounds "9"]
[EventCountry "USA"]
[SourceTitle "CB50_2024"]
[SourceDate "2024.11.01"]
[SourceVersion "1"]
[SourceVersionDate "2024.11.01"]
[SourceQuality "2"]

1. d4 Nf6 2. c4 e6 3. Nf3 d5 4. Nc3 Nbd7 5. cxd5 exd5 6. Bg5 c6 7. e3 h6 8. Bh4 Be7 9. Bd3 0-0 10. Nd2 Re8 11. 0-0 a6 12. Rc1 c5 13. Bf5 cxd4 14. exd4 Nf8 15. Bxc8 Rxc8 16. Qb3 b5 17. Nf3 Ne6 18. Rce1 g5 19. Bg3 b4 20. Ne2 Ne4 21. Qd3 Qa5 22. Ne5 Qb5 23. Qf3 Bf6 24. Qh5 Re7 25. Ng4 Ng7 26. Qxh6 Rc6 27. Qh3 Nd2 28. Be5 Nxf1 29. Nxf6+ Rxf6 30. Bxf6 Rxe2 31. Qh6 1-0

[Event "Saint Louis Masters op"]
[Site "Saint Louis"]
[Date "2024.12.05"]
[Round "5"]
[White "Batsuren, Dambasuren"]
[Black "Chasin, Nico Werner"]
[Result "1-0"]
[WhiteElo "2531"]
[BlackElo "2417"]
[PlyCount "93"]
[EventDate "2024.12.03"]
[EventType "swiss"]
[EventRounds "9"]
[EventCountry "USA"]
[SourceTitle "CB50_2024"]
[SourceDate "2024.11.01"]
[SourceVersion "1"]
[SourceVersionDate "2024.11.01"]
[SourceQuality "2"]

1. d4 Nf6 2. c4 e6 3. Nc3 d5 4. cxd5 exd5 5. Bg5 Bb4 6. e3 h6 7. Bh4 g5 8. Bg3 Ne4 9. a3 Bxc3+ 10. bxc3 h5 11. f3 Nxg3 12. hxg3 Qd6 13. g4 h4 14. Bd3 Nc6 15. Nh3 Rg8 16. 0-0 Bd7 17. e4 0-0-0 18. e5 Qe7 19. f4 f6 20. exf6 Qxf6 21. fxg5 Qd6 22. Bf5 Na5 23. Qd3 Nc4 24. g6 Kb8 25. Ng5 Rde8 26. Nf7 Qe7 27. Rae1 Qxe1 28. Rxe1 Rxe1+ 29. Kf2 Re7 30. Bxd7 Rxd7 31. Qf5 Re7 32. Qxd5 Ne3 33. Qf3 Nc4 34. Nh6 Rge8 35. Nf5 Re6 36. g7 Nd2 37. Qd3 Ne4+ 38. Kg1 Nf6 39. Nh6 Re1+ 40. Kf2 R1e7 41. Qg6 Ng8 42. g5 Re2+ 43. Kf3 R2e3+ 44. Kf4 Re2 45. Nxg8 Rf2+ 46. Kg4 Rxg2+ 47. Kh5 1-0